[Event "TCh-NOR Elite 2023-24"]
[Site "Oslo NOR"]
[Date "2024.03.08"]
[Round "7.24"]
[White "Tallaksen, Levi Andre"]
[Black "Urkedal, Frode Olav Olsen"]
[Result "0-1"]
[WhiteTitle "FM"]
[BlackTitle "GM"]
[WhiteElo "2312"]
[BlackElo "2536"]
[WhiteTeam "Stavanger"]
[BlackTeam "Offerspill"]
[WhiteFideId "1505785"]
[BlackFideId "1506102"]
[EventDate "2023.10.27"]
[EventType "team"]

1. c4 e5 2. Nc3 Nf6 3. g3 Bb4 4. Bg2 O-O 5. Nf3 Re8 6. O-O e4 7. Nd4 Nc6 8. Nc2
Bxc3 9. dxc3 h6 10. Ne3 d6 11. Qc2 a5 12. Rd1 b6 13. Rb1 Bd7 14. Nd5 Bf5 15. b4
Bh7 16. Be3 Nxd5 17. cxd5 Ne5 18. Bxe4 Bxe4 19. Qxe4 axb4 20. cxb4 Rxa2 21. Rd2
Ra4 22. Rc2 b5 23. Bd4 Nc4 24. Qg4 f6 25. Rb3 Qe7 26. f3 Rea8 27. Qg6 Ra3 28.
Rxa3 Rxa3 29. Kf2 Ra4 30. h4 Qf7 31. Qf5 Qe8 32. g4 Rxb4 33. g5 fxg5 34. Ra2 Ra4
35. Rxa4 bxa4 36. hxg5 Qh5 37. Qe6+ Kh7 38. Bxg7 Qh2+ 39. Kf1 Qh1+ 40. Kf2 Qh4+
41. Kg2 Qxg5+ 42. Kf2 Qe3+ 43. Qxe3 Nxe3 44. Bd4 Nxd5 45. e4 Nb4 46. Ke2 a3 47.
Kd2 a2 48. Kc1 Nd3+ 49. Kd2 Ne5 50. Ke3 c5 51. Bc3 h5 52. f4 Nc4+ 53. Kd3 Na5
54. Kc2 h4 0-1

[Event "TCh-NOR Elite 2023-24"]
[Site "Oslo NOR"]
[Date "2024.03.08"]
[Round "7.52"]
[White "Isik, Alparslan"]
[Black "Vestby-Ellingsen, Mads"]
[Result "1/2-1/2"]
[WhiteTitle "IM"]
[BlackTitle "IM"]
[WhiteElo "2452"]
[BlackElo "2336"]
[WhiteTeam "SK 1911"]
[BlackTeam "Tromso"]
[WhiteFideId "34506896"]
[BlackFideId "1520857"]
[EventDate "2023.10.27"]
[EventType "team"]

1. d4 Nf6 2. c4 e6 3. Nf3 b6 4. g3 Bb7 5. Bg2 Be7 6. O-O O-O 7. d5 exd5 8. Nh4
c6 9. cxd5 Nxd5 10. Nf5 Nc7 11. Nc3 d5 12. e4 Bf6 13. exd5 Nxd5 14. Nxd5 cxd5
15. Ne3 Nd7 16. Nxd5 Bxd5 17. Bxd5 Rc8 18. Rb1 Ne5 19. Bf4 Nc4 20. b3 Na3 21.
Rc1 Rxc1 22. Bxc1 Nb5 23. Bc4 Nd4 24. Be3 Qd7 25. Re1 Rd8 26. Bf1 Qc8 27. Bxd4
Bxd4 28. Qf3 Qc7 29. Bc4 g6 30. Re4 Kg7 31. Qe2 Bf6 32. Rf4 Rd7 33. Qf3 Qe5 34.
Kg2 Re7 35. a4 h5 36. h4 Qc3 37. Qxc3 Bxc3 38. Rf3 Bb4 39. Rd3 Bc5 40. Rd8 a5
41. Rd2 Bb4 42. Re2 Rxe2 43. Bxe2 1/2-1/2

[Event "TCh-NOR Elite 2023-24"]
[Site "Oslo NOR"]
[Date "2024.03.09"]
[Round "8.45"]
[White "Fossan, Aleksander"]
[Black "Mihajlov, Svetoslav"]
[Result "1/2-1/2"]
[BlackTitle "CM"]
[WhiteElo "2138"]
[BlackElo "2094"]
[WhiteTeam "Stavanger"]
[BlackTeam "Baerum"]
[WhiteFideId "1519794"]
[BlackFideId "1507168"]
[EventDate "2023.10.27"]
[EventType "team"]

1. e4 c6 2. d4 d5 3. exd5 cxd5 4. c4 Nf6 5. Nc3 g6 6. cxd5 Bg7 7. Qb3 O-O 8. Nf3
Nbd7 9. a4 Nb6 10. a5 Nbxd5 11. Bc4 Nxc3 12. bxc3 Ne4 13. O-O Qc7 14. Re1 Nd6
15. Bd3 Bg4 16. Ne5 Be6 17. Qb4 Rfc8 18. Bd2 Rab8 19. Rac1 b6 20. a6 b5 21. Bf4
Rb6 22. Qa5 Qd8 23. h4 Bd5 24. h5 e6 25. hxg6 hxg6 26. Qb4 Nc4 27. Ra1 Nxe5 28.
Bxe5 Qg5 29. Bf1 Bf8 30. Qa5 b4 31. Re3 b3 32. Rb1 b2 33. Bg3 Qf5 34. Bd3 Be4
35. Qxf5 Bxf5 36. Bxf5 gxf5 37. Be5 Be7 38. Rg3+ Kf8 39. Rh3 Ke8 40. Rh8+ Kd7
41. Rxc8 Kxc8 42. c4 f6 43. Bf4 Ba3 44. Kf1 Rb4 45. Bd6 Ra4 46. Bxa3 Rxa3 47.
Rxb2 Rxa6 48. Ke2 Ra3 49. Rd2 Rc3 50. Ra2 1/2-1/2

[Event "TCh-NOR Elite 2023-24"]
[Site "Oslo NOR"]
[Date "2024.03.09"]
[Round "8.56"]
[White "Haldorsen, Benjamin"]
[Black "Stenersen, Gudmund"]
[Result "1-0"]
[WhiteTitle "IM"]
[WhiteElo "2426"]
[BlackElo "2144"]
[WhiteTeam "Offerspill"]
[BlackTeam "Valerenga"]
[WhiteFideId "1512633"]
[BlackFideId "1502581"]
[EventDate "2023.10.27"]
[EventType "team"]

1. e4 e5 2. Nf3 Nc6 3. Bc4 Bc5 4. O-O d6 5. c3 Bb6 6. Re1 Qf6 7. d3 h6 8. a4
Nge7 9. b4 a6 10. Be3 Bxe3 11. fxe3 O-O 12. Nbd2 Be6 13. Bxe6 Qxe6 14. d4 Nb8
15. Qb3 Qxb3 16. Nxb3 exd4 17. exd4 Nd7 18. Na5 b6 19. Nb3 f5 20. e5 Nd5 21.
exd6 cxd6 22. c4 Nxb4 23. Re6 d5 24. cxd5 Nxd5 25. Rd6 N7f6 26. a5 Rfb8 27. Ne5
bxa5 28. Nxa5 Ne3 29. Nac4 Ne4 30. Rd7 Nxc4 31. Nxc4 a5 32. Rd5 a4 33. Rxf5 a3
34. Rxa3 Rxa3 35. Nxa3 Rb3 36. Rf3 Rxf3 37. gxf3 Nc3 38. Kf2 Kf7 39. Ke3 Ke6 40.
Nc4 g5 41. Kd3 Nd5 42. Ne3 Nf6 43. Ng4 Ng8 44. Ke4 h5 45. d5+ Kd6 46. Ne3 g4 47.
fxg4 Nf6+ 1-0

[Event "TCh-NOR Elite 2023-24"]
[Site "Oslo NOR"]
[Date "2024.03.10"]
[Round "9.12"]
[White "Agdestein, Simen"]
[Black "Tari, Aryan"]
[Result "1/2-1/2"]
[WhiteTitle "GM"]
[BlackTitle "GM"]
[WhiteElo "2563"]
[BlackElo "2631"]
[WhiteTeam "OSS"]
[BlackTeam "Offerspill"]
[WhiteFideId "1500015"]
[BlackFideId "1510045"]
[EventDate "2023.10.27"]
[EventType "team"]

1. d4 d5 2. c4 e6 3. Nf3 Nf6 4. Nc3 Nbd7 5. cxd5 exd5 6. Bg5 Bb4 7. e3 h6 8. Bh4
g5 9. Bg3 Ne4 10. Qc2 h5 11. Bd3 h4 12. Bxe4 dxe4 13. Qxe4+ Kf8 14. Be5 f6 15.
Nxg5 Bxc3+ 16. bxc3 Nxe5 17. dxe5 fxg5 18. f4 Kg7 19. O-O h3 20. f5 Rh4 21. Qf3
Qd2 22. gxh3 Qxc3 23. Qg3 Kh6 24. Rac1 Qa3 25. Rxc7 Re4 26. h4 Qxe3+ 27. Qxe3
Rxe3 28. hxg5+ Kxg5 29. Rg7+ Kh6 30. Rg6+ Kh7 31. e6 Bxe6 32. Rxe6 Rg8+ 33. Kh1
Re8 34. Rxe8 Rxe8 35. Kg2 Kg7 36. Kg3 Kf6 37. h4 b5 38. Kf4 Rh8 39. Rh1 Rh5 40.
Kg4 Rxf5 41. h5 Rc5 42. h6 Rc8 43. Kh5 Rc5+ 44. Kg4 Rc8 1/2-1/2

[Event "TCh-NOR Elite 2023-24"]
[Site "Oslo NOR"]
[Date "2024.03.10"]
[Round "9.26"]
[White "Bryn, Askild"]
[Black "Olsen, William Alexander"]
[Result "0-1"]
[WhiteElo "2034"]
[BlackElo "2022"]
[WhiteTeam "Valerenga"]
[BlackTeam "Baerum"]
[WhiteFideId "1503820"]
[BlackFideId "1536915"]
[EventDate "2023.10.27"]
[EventType "team"]

1. e4 c5 2. Nc3 Nc6 3. f4 e6 4. Nf3 d5 5. d3 d4 6. Ne2 f5 7. g3 Nf6 8. e5 Nd5 9.
Bg2 Be7 10. O-O O-O 11. a3 b6 12. c4 dxc3 13. bxc3 Qd7 14. Ra2 Ba6 15. c4 Nc7
16. Be3 Rad8 17. Rd2 b5 18. d4 bxc4 19. dxc5 Nd5 20. Bf2 Qc8 21. Qc2 Na5 22. c6
Nxc6 23. Ra1 Nb6 24. Ned4 Bc5 25. Nxc6 Bxf2+ 26. Rxf2 Qxc6 27. Nd4 Qc8 28. Nc6
Rd7 29. a4 Bb7 30. Nxa7 Qc5 31. Bxb7 Rxb7 32. Nb5 Nd5 33. Qe2 Ra8 34. Nd6 Rb4
35. a5 Rxa5 36. Rxa5 Qxa5 37. Nxc4 Qa1+ 38. Kg2 Rxc4 39. Qh5 Qa8 0-1

[Event "TCh-NOR Elite 2023-24"]
[Site "Oslo NOR"]
[Date "2024.03.10"]
[Round "9.33"]
[White "Stokke, Kjetil"]
[Black "Shehzad, Shazil"]
[Result "0-1"]
[WhiteTitle "IM"]
[BlackTitle "FM"]
[WhiteElo "2295"]
[BlackElo "2301"]
[WhiteTeam "Bergens"]
[BlackTeam "Stavanger"]
[WhiteFideId "1502964"]
[BlackFideId "1521942"]
[EventDate "2023.10.27"]
[EventType "team"]

1. c4 Nf6 2. g3 e6 3. Bg2 d5 4. Nf3 d4 5. d3 c5 6. e4 Nc6 7. e5 Nd7 8. Bf4 Be7
9. h4 Qc7 10. Qe2 b6 11. Nbd2 Bb7 12. O-O-O a6 13. Kb1 b5 14. Ng5 h6 15. Qh5 g6
16. Nxe6 Qc8 17. Ng7+ Kf8 18. Ne6+ Kg8 19. Qg4 Ncxe5 20. Bxb7 Nxg4 21. Bxc8 Rxc8
22. Nc7 Nxf2 23. Nd5 Bd8 24. Ne4 Nxh1 25. Rxh1 bxc4 26. dxc4 Rc6 27. Rf1 Re6 28.
Nf2 g5 29. Bd2 gxh4 30. gxh4 Bxh4 31. Nd3 Bg5 32. Be1 f6 33. a3 Kg7 34. Bg3 h5
35. b4 h4 0-1

[Event "TCh-NOR Elite 2023-24"]
[Site "Oslo NOR"]
[Date "2024.03.10"]
[Round "9.41"]
[White "Notkevich, Benjamin Arvola"]
[Black "Brkic, Ante"]
[Result "1/2-1/2"]
[WhiteTitle "GM"]
[BlackTitle "GM"]
[WhiteElo "2462"]
[BlackElo "2633"]
[WhiteTeam "Tromso"]
[BlackTeam "Asker"]
[WhiteFideId "1506536"]
[BlackFideId "14506688"]
[EventDate "2023.10.27"]
[EventType "team"]

1. e4 c5 2. Nf3 d6 3. d4 cxd4 4. Nxd4 Nf6 5. Nc3 a6 6. Bg5 e6 7. f4 Qb6 8. Qd2
Qxb2 9. Rb1 Qa3 10. e5 h6 11. Bh4 dxe5 12. fxe5 Nfd7 13. Ne4 Qxa2 14. Rd1 Qd5
15. Qe3 Qxe5 16. Be2 Bc5 17. Bg3 Qd5 18. c4 Bxd4 19. Rxd4 Qa5+ 20. Rd2 O-O 21.
Bd6 f5 22. Bxf8 Nxf8 23. Nd6 Nbd7 24. O-O Qc5 25. Qxc5 Nxc5 26. Bf3 a5 27. Rb1
Nfd7 28. Bxb7 Bxb7 29. Nxb7 a4 30. Rb5 Rc8 31. Nxc5 Nxc5 32. Rdb2 Kf7 33. Ra5
Ke7 34. Rb6 g5 35. Kf1 h5 36. Ke2 Kf6 37. g3 h4 38. Ke3 hxg3 39. hxg3 g4 40. Ra7
Ke5 41. Ra5 Kf6 42. Ra7 Ne4 43. Raa6 Re8 44. Kf4 Nc5 45. Ra5 Rc8 46. Ke3 Rc7 47.
Ra8 Nd7 48. Rb4 Nc5 49. Rb6 Nd7 50. Rb4 Nc5 1/2-1/2

[Event "TCh-NOR Elite 2023-24"]
[Site "Oslo NOR"]
[Date "2024.03.10"]
[Round "9.42"]
[White "Jankovic, Alojzije"]
[Black "Vestby-Ellingsen, Mads"]
[Result "1-0"]
[WhiteTitle "GM"]
[BlackTitle "IM"]
[WhiteElo "2550"]
[BlackElo "2336"]
[WhiteTeam "Asker"]
[BlackTeam "Tromso"]
[WhiteFideId "14505959"]
[BlackFideId "1520857"]
[EventDate "2023.10.27"]
[EventType "team"]

1. d4 Nf6 2. Nf3 e6 3. c4 b6 4. a3 Bb7 5. Nc3 d5 6. Qa4+ Qd7 7. Qxd7+ Nbxd7 8.
Nb5 Bd6 9. Nd2 a6 10. Nxd6+ cxd6 11. cxd5 Bxd5 12. f3 Ke7 13. a4 Bb7 14. e4 d5
15. e5 Ne8 16. b3 f6 17. f4 Rc8 18. Bd3 f5 19. Ba3+ Kf7 20. Nf3 h6 21. Kd2 g6
22. g4 Ng7 23. Rag1 Rcg8 24. Nh4 h5 25. gxf5 Nxf5 26. Nf3 Kg7 27. Bxf5 exf5 28.
Nh4 Kf7 29. e6+ Kxe6 30. Re1+ Kf6 31. Re7 Rg7 32. Rhe1 Rxe7 33. Rxe7 Bc8 34. Bd6
Rd8 35. Nf3 Nf8 36. Ng5 Be6 37. Ba3 Bg8 38. Rc7 Nd7 39. h4 a5 40. Bd6 Be6 41.
Rc6 Re8 42. Be5+ 1-0